01150nam a22003377a 4500003000500000005001700005008004100022010000900063011000900072035000900081040000900090082001600099100002600115245006000141260004500201300001100246500000900257590004100266590004100307590004100348590004200389650003600431650003000467650002400497700003000521901000700551942001000558949008300568999001500651952014600666CHAP20220329133355.0971013s1992 r 00010 d a5620 a6592 a5813 cCHAP a591.53bE5300aElgar, Mark A.936269 aCannibalismb: ecology and evolution among diverse taxa aOxford :bOxford University Press,c1992 a361 p. a59-9 aBATCH-UPDb10c20130110lUCH01h1831 aBATCH-UPDb10c20130410lUCH01h1203 aBATCH-UPDb10c20130914lUCH01h0925 aCONVERSIONb10c20130109lUCH01h130414aCanibalismo en animales.91836114aEcología animal.93517014aEvolución.9390070 aCrespi, Bernard J.928896 aBK cLIBRO a591.53 E53bBCcLIBROd33724000367280eLIBROgI.164864h82403i5813sit284.00 c5620d5620 00102ddc4052708GRALaBCbBCcPA_GRALd2019-12-31eI.164864fLIBROl0o591.53 E53p33724000367280r2019-12-31 00:00:00w2019-12-31yLIBRO